[Event "FRM-chT 29th"]
[Site "Struga"]
[Date "2021.08.15"]
[Round "1"]
[White "Shemshiji, Agim"]
[Black "Stefanovski, Dushan"]
[Result "1/2-1/2"]
[WhiteElo "2002"]
[BlackElo "2264"]
[PlyCount "66"]
[EventDate "2021.08.15"]
[EventType "team-tourn"]
[EventRounds "7"]
[EventCountry "MKD"]
[SourceTitle "CBM 203 Extra"]
[Source "ChessBase"]
[SourceDate "2021.09.30"]
[SourceVersion "1"]
[SourceVersionDate "2021.09.30"]
[SourceQuality "1"]
[WhiteTeam "Kumanovo GSHK"]
[BlackTeam "Gostivar"]
[WhiteTeamCountry "MKD"]
[BlackTeamCountry "MKD"]

1. d4 Nf6 2. Nf3 e6 3. Bf4 c5 4. c3 Qb6 5. Qb3 Nc6 6. e3 Be7 7. Nbd2 Na5 8. Qxb6 axb6 9. Bb5 0-0 10. 0-0 d6 11. Bg5 h6 12. Bxf6 gxf6 13. e4 d5 14. e5 Nc6 15. a3 Bd7 16. exf6 Bxf6 17. Bxc6 Bxc6 18. Rfe1 Rfc8 19. Ne5 Be8 20. Ndf3 Bg7 21. g4 Ra4 22. Rad1 cxd4 23. Rxd4 Rxd4 24. Nxd4 f6 25. Nef3 e5 26. Nf5 Bf8 27. Rd1 Bf7 28. Kg2 Be6 29. N3h4 Kf7 30. h3 Rd8 31. f4 Bxf5 32. Nxf5 Ke6 33. Kf3 h5 1/2-1/2

[Event "FRM-chT"]
[Site "Ohrid"]
[Date "2019.07.23"]
[Round "2.6"]
[White "Shemshiji, Agim"]
[Black "Dimkovski, Stojancho"]
[Result "1/2-1/2"]
[WhiteElo "2010"]
[BlackElo "1909"]
[PlyCount "119"]
[EventDate "2019.07.22"]
[EventType "team-tourn"]
[EventRounds "7"]
[EventCountry "MKD"]
[SourceTitle "EXT 2020"]
[Source "ChessBase"]
[SourceDate "2019.10.17"]
[SourceVersion "1"]
[SourceVersionDate "2019.10.17"]
[SourceQuality "1"]
[WhiteTeam "Kumanovo"]
[BlackTeam "Skopje Karposh"]
[WhiteTeamCountry "MKD"]
[BlackTeamCountry "MKD"]

1. d4 Nf6 2. Nf3 e6 3. Bf4 c5 4. e3 Nc6 5. Nbd2 d5 6. c3 Bd6 7. Bg3 0-0 8. Bd3 Qe7 9. Ne5 Nd7 10. f4 f6 11. Nxc6 bxc6 12. 0-0 a5 13. Qe2 Re8 14. e4 e5 15. fxe5 fxe5 16. exd5 cxd4 17. Qh5 Nf6 18. Rxf6 gxf6 19. Bxh7+ Kf8 20. Bg6 Qg7 21. Bxe8 Bg4 22. Qh4 Rxe8 23. Ne4 Be7 24. d6 Bd8 25. Nc5 Kf7 26. h3 f5 27. Bxe5 Qxe5 28. Qh7+ Qg7 29. Qxg7+ Kxg7 30. hxg4 dxc3 31. Na4 cxb2 32. Rb1 Bf6 33. Kf1 Re4 34. Nc5 Rc4 35. Nd3 Rxg4 36. Ke2 Kf7 37. Kf3 Rd4 38. Nxb2 Rb4 39. d7 Rd4 40. Rd1 Rxd1 41. Nxd1 Ke6 42. Ne3 Bd8 43. Kf4 Bc7+ 44. Kg5 f4 45. d8Q Bxd8+ 46. Kxf4 Kd6 47. Ke4 Kc5 48. Kd3 Bg5 49. g4 Bf6 50. Nc4 Kb4 51. a3+ Kb5 52. Nd6+ Ka4 53. Nc4 Be7 54. Ne5 Kb5 55. a4+ Kc5 56. Nc4 Kb4 57. Ne5 Kc5 58. Nc4 Kb4 59. Ne5 Kc5 60. Nc4 1/2-1/2